000 00267nam a2200109Ia 4500
001 1272348
005 20260417151426.0
008 260417s9999 xx 000 0 und d
020 _a9786256999527
245 0 _aKatıraslan
_cCahit Zarifoğlu
260 _bKetebe Çocuk
999 _c1272348
_d1272348